La intervención con familia : (Record no. 95907)

MARC details
000 -CABECERA
campo de control de longitud fija 00576nam a2200193 a 4500
005 - FECHA Y HORA DE LA ÚLTIMA TRANSACCIÓN
campo de control 20240213063851.0
008 - ELEMENTOS DE LONGITUD FIJA--INFORMACIÓN GENERAL
campo de control de longitud fija 030410s2000 mx r 000 0 spa d
020 ## - NÚMERO INTERNACIONAL NORMALIZADO PARA LIBROS
Número Internacional Estándar del Libro 9508021152
035 ## - NÚMERO DE CONTROL DEL SISTEMA
Número de control de sistema UPN01000123728
049 ## - COLECCIÓN
Colección CG
050 #4 - SIGNATURA TOPOGRÁFICA DE LA BIBLIOTECA DEL CONGRESO
Número de clasificación HQ763.5
Número de documento/Ítem B2.4
100 1# - ASIENTO PRINCIPAL--NOMBRE PERSONAL
Nombre de persona Barg, Liliana
9 (RLIN) 41532
245 13 - MENCIÓN DE TÍTULO
Título La intervención con familia :
Resto del título una perspectiva desde el trabajo social /
Mención de responsabilidad, etc. Liliana Barg.
260 ## - PUBLICACIÓN, DISTRIBUCIÓN, ETC.
Lugar de publicación, distribución, etc. Buenos Aires :
Nombre del editor, distribuidor, etc. Espacio,
Fecha de publicación, distribución, etc. 2000.
300 ## - DESCRIPCIÓN FÍSICA
Extensión 142 p.
440 #0 - MENCIÓN DE SERIE/ASIENTO SECUNDARIO--TÍTULO
Título Ciencias sociales.
Nombre de parte o sección de la obra Novedades
650 #4 - ASIENTO SECUNDARIO DE MATERIA - TERMINO TEMATICO
Término de materia o nombre geográfico como elemento de entrada Familias
Subdivisión general Aspectos sociales
9 (RLIN) 12049
905 ## - TIPO DE MATERIAL
Tipo de material Libro
Holdings
Estado de retiro Estado de pérdida Fuente del sistema de clasificación o colocación Estado dañado No para préstamo Código de colección Localización permanente Ubicación/localización actual Ubicación en estantería Total de préstamos Clasificación Código de barras Fecha visto por última vez Número de copia Tipo de ítem Koha
    Library of Congress Classification     Colección General Bib. Gregorio Torres Quintero Bib. Gregorio Torres Quintero Planta baja 17 HQ763.5 B2.4 207257 31/12/2020 1 Libro